[Event "Romulus op"]
[Site "Romulus"]
[Date "2002.06.22"]
[Round "2"]
[White "Loo, James"]
[Black "Moore, Robert"]
[Result "1/2-1/2"]
[WhiteElo "1689"]
[BlackElo "1600"]
[PlyCount "108"]
[EventDate "2002.06.21"]
[EventType "swiss"]
[EventRounds "5"]
[EventCountry "USA"]
[SourceTitle "EXT 2008"]
[Source "ChessBase"]
[SourceDate "2007.11.25"]
[SourceVersion "1"]
[SourceVersionDate "2007.11.25"]
[SourceQuality "1"]

1. c4 Nf6 2. Nc3 d6 3. g3 g6 4. Bg2 Bg7 5. e3 0-0 6. Nge2 e5 7. 0-0 c6 8. d3 Be6 9. h3 d5 10. b3 Qd7 11. Kh2 e4 12. Nd4 Rd8 13. c5 Na6 14. Ba3 Nc7 15. Rc1 b6 16. f3 exf3 17. Rxf3 Nfe8 18. Nce2 Bh6 19. Nf4 b5 20. Qd2 Bxf4 21. Rxf4 Ng7 22. Rcf1 Nf5 23. Bb2 Nxd4 24. Bxd4 h6 25. Bf6 Rf8 26. Rh4 Ne8 27. Bb2 Kh7 28. e4 h5 29. g4 Qe7 30. g5 Ng7 31. b4 Qc7+ 32. Rhf4 dxe4 33. Bxe4 Bf5 34. Bxg7 Kxg7 35. Bxf5 gxf5 36. Qb2+ Kg8 37. Kh1 Qd7 38. R1f3 Rae8 39. Qd2 Re5 40. d4 Rfe8 41. Rf2 Re1+ 42. Kh2 Qd5 43. Kg3 R8e3+ 44. Kh4 Qh1 45. Rh2 Qd5 46. Rhf2 Re4 47. Rxe4 Rxe4+ 48. Rf4 Kg7 49. Qf2 Kg6 50. a3 Rxf4+ 51. Qxf4 Qe4 52. Kg3 Qe1+ 53. Kh2 Qe2+ 54. Kg1 Qe1+ 1/2-1/2

[Event "Warren Motor City op"]
[Site "Warren"]
[Date "2001.11.25"]
[Round "6"]
[White "Loo, James"]
[Black "Franke, Rudolf"]
[Result "0-1"]
[WhiteElo "1490"]
[BlackElo "1700"]
[PlyCount "40"]
[EventDate "2001.11.24"]
[EventType "swiss"]
[EventRounds "7"]
[EventCountry "USA"]
[SourceTitle "EXT 2007"]
[Source "ChessBase"]
[SourceDate "2006.11.23"]
[SourceVersion "1"]
[SourceVersionDate "2006.11.23"]
[SourceQuality "1"]

1. c4 c5 2. Nc3 Nc6 3. d3 g6 4. e4 Bg7 5. f4 d6 6. h3 e6 7. Nf3 Nge7 8. Be3 b6 9. Qa4 Bd7 10. Qa3 d5 11. Nb5 0-0 12. e5 Nf5 13. Bf2 a6 14. Nd6 Nxd6 15. exd6 Qb8 16. Be2 Qxd6 17. g3 Rfe8 18. d4 Qb8 19. dxc5 bxc5 20. Rb1 Qb4+ 0-1